[Event "Fortaleza Gadelha Memorial"]
[Site "Fortaleza"]
[Date "2019.08.17"]
[Round "4"]
[White "Laroca, Alvaro Ney"]
[Black "Bandeira, George Veras"]
[Result "0-1"]
[WhiteElo "1443"]
[BlackElo "1741"]
[PlyCount "84"]
[EventDate "2019.08.15"]
[EventType "swiss"]
[EventRounds "7"]
[EventCountry "BRA"]
[SourceTitle "CBM 191 Extra"]
[Source "ChessBase"]
[SourceDate "2019.09.30"]
[SourceVersion "1"]
[SourceVersionDate "2019.09.30"]
[SourceQuality "1"]

1. Nf3 c5 2. d4 cxd4 3. Nxd4 Nc6 4. c3 e5 5. Nxc6 bxc6 6. f4 e4 7. e3 Nf6 8. Bc4 d5 9. Be2 Bc5 10. 0-0 Qb6 11. b4 Bxe3+ 12. Bxe3 Qxe3+ 13. Kh1 Qb6 14. a4 a6 15. a5 Qa7 16. Re1 0-0 17. Nd2 e3 18. Nb3 Ne4 19. Qc2 Bf5 20. Kg1 Qc7 21. Rf1 Ng3 22. Qd1 Nxf1 23. Qxf1 Qa7 24. Nd4 Bd7 25. g4 c5 26. Nf3 cxb4 27. cxb4 Bxg4 28. Qg2 Bf5 29. Ne5 Qd4 30. Rf1 Qxb4 31. Qxd5 Bh3 32. Nxf7 Rxf7 33. Qxa8+ Rf8 34. Qd5+ Kh8 35. Rd1 Qxf4 36. Bf3 h6 37. Bg2 Qf2+ 38. Kh1 e2 39. Bxh3 e1Q+ 40. Rxe1 Qxe1+ 41. Kg2 Rf2+ 42. Kg3 Rd2+ 0-1

[Event "Fortaleza Gadelha Memorial"]
[Site "Fortaleza"]
[Date "2019.08.17"]
[Round "5"]
[White "Nunes, Moezio Correia"]
[Black "Laroca, Alvaro Ney"]
[Result "0-1"]
[WhiteElo "1763"]
[BlackElo "1443"]
[PlyCount "42"]
[EventDate "2019.08.15"]
[EventType "swiss"]
[EventRounds "7"]
[EventCountry "BRA"]
[SourceTitle "CBM 191 Extra"]
[Source "ChessBase"]
[SourceDate "2019.09.30"]
[SourceVersion "1"]
[SourceVersionDate "2019.09.30"]
[SourceQuality "1"]

1. e4 e5 2. Nf3 Nc6 3. d4 exd4 4. c3 dxc3 5. Bc4 a6 6. 0-0 Bc5 7. Bxf7+ Kf8 8. Nxc3 Nge7 9. Bb3 d6 10. Ng5 Ne5 11. Na4 Ba7 12. Be3 h6 13. Bxa7 hxg5 14. Be3 N7g6 15. Qd2 g4 16. Bg5 Qe8 17. Rac1 Qd7 18. Nc3 c6 19. Na4 Qc7 20. Be3 d5 21. exd5 Nf3+ 0-1

[Event "Fortaleza Gadelha Memorial"]
[Site "Fortaleza"]
[Date "2019.08.16"]
[Round "2"]
[White "Laroca, Alvaro Ney"]
[Black "Rodrigues, Vanessa Ketlyn Sous"]
[Result "1-0"]
[WhiteElo "1443"]
[BlackElo "1750"]
[PlyCount "69"]
[EventDate "2019.08.15"]
[EventType "swiss"]
[EventRounds "7"]
[EventCountry "BRA"]
[SourceTitle "CBM 191 Extra"]
[Source "ChessBase"]
[SourceDate "2019.09.30"]
[SourceVersion "1"]
[SourceVersionDate "2019.09.30"]
[SourceQuality "1"]

1. e4 c5 2. Nf3 d6 3. d4 cxd4 4. Nxd4 Nf6 5. Nc3 e6 6. Bg5 Be7 7. f4 a6 8. Bd3 Qb6 9. Na4 Qa5+ 10. c3 b5 11. e5 dxe5 12. fxe5 Nfd7 13. Bxe7 Kxe7 14. Qg4 bxa4 15. 0-0 Qxe5 16. Rae1 Nf6 17. Qf3 Qd5 18. Qg3 Bb7 19. Rf2 Nbd7 20. Nf5+ Kd8 21. Nd6 Ke7 22. Nxb7 Qxb7 23. h3 Qb6 24. Kh1 Nc5 25. Bb1 Nce4 26. Bxe4 Nxe4 27. Rxe4 Rhd8 28. Rb4 Rd1+ 29. Kh2 Qd8 30. Qf3 f6 31. Rb7+ Kf8 32. Qh5 Qd6+ 33. g3 g6 34. Qxh7 Ke8 35. Qxg6+ 1-0

[Event "Fortaleza zt CE"]
[Site "Fortaleza"]
[Date "2018.10.14"]
[Round "5.10"]
[White "Correia, Aristoteles de Jesu"]
[Black "Laroca, Alvaro Ney"]
[Result "1-0"]
[WhiteElo "1689"]
[BlackElo "1458"]
[PlyCount "83"]
[EventDate "2018.10.12"]
[EventType "swiss"]
[EventRounds "6"]
[EventCountry "BRA"]
[SourceTitle "EXT 2022"]
[Source "ChessBase"]
[SourceDate "2021.10.06"]
[SourceVersion "1"]
[SourceVersionDate "2021.10.06"]
[SourceQuality "1"]

1. Nf3 Nc6 2. d4 d5 3. g3 h6 4. Bg2 Nf6 5. 0-0 Bg4 6. Ne5 e6 7. Nxc6 bxc6 8. c4 Be7 9. f3 Bh5 10. Qa4 Qd7 11. Be3 Bg6 12. Nc3 0-0 13. Bf2 Rfb8 14. e4 Rb4 15. Qd1 Rab8 16. cxd5 cxd5 17. e5 Ne8 18. b3 c6 19. Qd2 R4b7 20. Be3 Bb4 21. f4 Bxc3 22. Qxc3 Nc7 23. Bh3 Nb5 24. Qb2 a5 25. g4 a4 26. f5 Bh7 27. Qg2 axb3 28. axb3 Nc3 29. g5 g6 30. fxe6 fxe6 31. Rf6 Re8 32. Raf1 Qg7 33. gxh6 Qd7 34. Qf2 Qe7 35. Bxe6+ Kh8 36. Rf8+ Rxf8 37. Qxf8+ Qxf8 38. Rxf8+ Bg8 39. Bxg8 Nb5 40. Bg5 Rf7 41. Bxf7+ Kh7 42. Bg8+ 1-0

[Event "Fortaleza zt CE"]
[Site "Fortaleza"]
[Date "2018.10.14"]
[Round "6.9"]
[White "Laroca, Alvaro Ney"]
[Black "Vacis, Gabriel Nunes"]
[Result "0-1"]
[WhiteElo "1458"]
[BlackElo "1261"]
[PlyCount "41"]
[EventDate "2018.10.12"]
[EventType "swiss"]
[EventRounds "6"]
[EventCountry "BRA"]
[SourceTitle "EXT 2022"]
[Source "ChessBase"]
[SourceDate "2021.10.06"]
[SourceVersion "1"]
[SourceVersionDate "2021.10.06"]
[SourceQuality "1"]

1. e4 e5 2. f4 f6 3. Bc4 Nc6 4. f5 Nge7 5. a3 d5 6. exd5 Nxd5 7. Nc3 Nxc3 8. Qh5+ Kd7 9. dxc3 Qe7 10. Be3 b6 11. 0-0-0+ Nd4 12. cxd4 e4 13. d5 Qe5 14. d6 cxd6 15. Be6+ Kd8 16. Ne2 Bxe6 17. Nd4 Bd5 18. c4 g6 19. Qe2 Bb7 20. Ne6+ Kc8 21. Nxf8 0-1

[Event "Fortaleza Genti Memorial"]
[Site "Fortaleza"]
[Date "2017.09.24"]
[Round "6"]
[White "Assuncao, Jose Ribamar da Cos"]
[Black "Laroca, Alvaro Ney"]
[Result "1-0"]
[WhiteElo "1680"]
[BlackElo "1489"]
[PlyCount "51"]
[EventDate "2017.09.22"]
[EventType "swiss"]
[EventRounds "6"]
[EventCountry "BRA"]
[SourceTitle "CBM 180 Extra"]
[Source "ChessBase"]
[SourceDate "2017.10.06"]
[SourceVersion "1"]
[SourceVersionDate "2017.10.06"]
[SourceQuality "1"]

1. e4 e5 2. Nf3 Nc6 3. Bb5 a6 4. Bxc6 dxc6 5. 0-0 Qe7 6. h3 h5 7. d4 f6 8. dxe5 fxe5 9. Bg5 Nf6 10. Nc3 Bd7 11. Qe2 0-0-0 12. Rfd1 g6 13. Rd2 Bg7 14. Rad1 Bh6 15. Qe3 b6 16. Bxh6 Ng4 17. hxg4 hxg4 18. Bg5 Qh7 19. Nh4 Qh5 20. g3 Rh7 21. Rd3 Rf8 22. Qd2 Rhf7 23. Rxd7 Rxd7 24. Qxd7+ Kb7 25. Qe7 Qh8 26. Nxg6 1-0

[Event "Cearense Classic op"]
[Site "Fortaleza"]
[Date "2017.09.10"]
[Round "6"]
[White "Rodrigues Correia, Aristoteles de Jesu"]
[Black "Laroca, Alvaro Ney"]
[Result "1-0"]
[WhiteElo "1718"]
[BlackElo "1660"]
[PlyCount "25"]
[EventDate "2017.09.07"]
[EventType "swiss"]
[EventRounds "6"]
[EventCountry "BRA"]
[SourceTitle "EXT 2019"]
[Source "ChessBase"]
[SourceDate "2018.10.10"]
[SourceVersion "1"]
[SourceVersionDate "2018.10.10"]
[SourceQuality "1"]

1. d4 e5 2. dxe5 Nc6 3. Nf3 Qe7 4. e6 dxe6 5. g3 h6 6. Bg2 Nf6 7. Nc3 b5 8. 0-0 e5 9. Nd5 Nxd5 10. Qxd5 Be6 11. Qxb5 Bc8 12. Nxe5 Qxe5 13. Bxc6+ 1-0

[Event "Cearense Classic op"]
[Site "Fortaleza"]
[Date "2017.09.09"]
[Round "3"]
[White "Laroca, Alvaro Ney"]
[Black "De Lima, Nilo Fernandes"]
[Result "0-1"]
[WhiteElo "1660"]
[BlackElo "1821"]
[PlyCount "70"]
[EventDate "2017.09.07"]
[EventType "swiss"]
[EventRounds "6"]
[EventCountry "BRA"]
[SourceTitle "EXT 2019"]
[Source "ChessBase"]
[SourceDate "2018.10.10"]
[SourceVersion "1"]
[SourceVersionDate "2018.10.10"]
[SourceQuality "1"]

1. e4 e5 2. Nc3 Nf6 3. Bc4 Bc5 4. h3 Nc6 5. Nf3 d6 6. a3 a6 7. d3 h6 8. Na4 Ba7 9. Nc3 Ne7 10. Be3 c5 11. Ba2 Ng6 12. Ne2 0-0 13. Ng3 Be6 14. Bxe6 fxe6 15. Nh2 Nf4 16. Qf3 Nh7 17. Bxf4 Rxf4 18. Qe2 c4 19. 0-0 cxd3 20. cxd3 Qg5 21. Nf3 Qxg3 22. Kh1 Qg6 23. g3 Rf6 24. Rac1 Raf8 25. Nh4 Qf7 26. f4 exf4 27. g4 Ng5 28. Kg2 f3+ 29. Nxf3 Nxf3 30. Kg3 Nd4 31. Qg2 Rxf1 32. Rxf1 Qxf1 33. Qxf1 Rxf1 34. Kg2 Rd1 35. Kg3 Rxd3+ 0-1

[Event "Cearense Classic op"]
[Site "Fortaleza"]
[Date "2017.09.08"]
[Round "2"]
[White "Martins Amaro, Roger Trindade"]
[Black "Laroca, Alvaro Ney"]
[Result "1-0"]
[WhiteElo "1800"]
[BlackElo "1660"]
[PlyCount "143"]
[EventDate "2017.09.07"]
[EventType "swiss"]
[EventRounds "6"]
[EventCountry "BRA"]
[SourceTitle "EXT 2019"]
[Source "ChessBase"]
[SourceDate "2018.10.10"]
[SourceVersion "1"]
[SourceVersionDate "2018.10.10"]
[SourceQuality "1"]

1. d4 e5 2. dxe5 Nc6 3. Nf3 Qe7 4. Bg5 Qb4+ 5. Nc3 Qxb2 6. Nd5 f6 7. exf6 h6 8. fxg7 Bxg7 9. Rb1 Qxa2 10. Nxc7+ Kf7 11. Nxa8 hxg5 12. Nxg5+ Kg6 13. Ne4 Nd4 14. Rc1 d5 15. e3 dxe4 16. exd4 Nh6 17. Be2 Bf5 18. Bh5+ Kh7 19. Nc7 Qa5+ 20. c3 Qxc7 21. 0-0 Bf6 22. Qb3 Kg7 23. Ra1 a6 24. Rfb1 Bc8 25. Re1 Nf7 26. Qxf7+ Qxf7 27. Bxf7 Kxf7 28. Rxe4 Be6 29. Rb1 Bd5 30. Rf4 Rc8 31. Rb6 Rc6 32. Rxb7+ Ke6 33. h3 Rxc3 34. Rb6+ Rc6 35. Rxc6+ Bxc6 36. Kf1 Bg5 37. Rg4 Bd2 38. Rg6+ Kd5 39. Ke2 Bc1 40. h4 Bb5+ 41. Kd1 Ba3 42. h5 Kxd4 43. h6 Ba4+ 44. Ke2 Kd5 45. h7 Bb5+ 46. Kf3 Bb2 47. Rg8 a5 48. h8Q Bxh8 49. Rxh8 a4 50. g4 a3 51. Ra8 Ke5 52. Rxa3 Bc6+ 53. Ke3 Bd7 54. f4+ Kf6 55. Ra6+ Ke7 56. Ra7 Ke8 57. Ke4 Bxg4 58. Ke5 Kf8 59. Kf6 Kg8 60. f5 Bf3 61. Rc7 Bh5 62. Kg5 Bf7 63. f6 Bd5 64. Rg7+ Kf8 65. Kf5 Bb3 66. Ke5 Ba2 67. Ra7 Bb3 68. Rb7 Bf7 69. Rb8+ Be8 70. Ke6 Kg8 71. Rxe8+ Kh7 72. f7 1-0

[Event "Fortaleza Edmar Monte 4th"]
[Site "Fortaleza"]
[Date "2017.07.30"]
[Round "6"]
[White "Silva, Caio Marques"]
[Black "Laroca, Alvaro Ney"]
[Result "0-1"]
[WhiteElo "1825"]
[BlackElo "1660"]
[PlyCount "50"]
[EventDate "2017.07.27"]
[EventType "swiss"]
[EventRounds "6"]
[EventCountry "BRA"]
[SourceTitle "EXT 2018"]
[Source "ChessBase"]
[SourceDate "2017.10.13"]
[SourceVersion "1"]
[SourceVersionDate "2017.10.13"]
[SourceQuality "1"]

1. b3 d5 2. Bb2 Nc6 3. e3 Bf5 4. Nf3 e6 5. Be2 h5 6. c4 Nf6 7. Na3 a6 8. Rc1 Bd6 9. Nc2 e5 10. 0-0 Bg4 11. cxd5 Nxd5 12. e4 Nf4 13. d4 Qf6 14. Ne3 0-0-0 15. Nxg4 hxg4 16. Nxe5 Nxe2+ 17. Qxe2 Nxe5 18. dxe5 Qh4 19. h3 gxh3 20. Qf3 hxg2 21. Qxg2 Rh6 22. exd6 Rg6 23. Rxc7+ Kb8 24. e5 Rxg2+ 25. Kxg2 Qg4+ 0-1

[Event "Fortaleza Cearense Cup"]
[Site "Fortaleza"]
[Date "2015.12.13"]
[Round "6"]
[White "Aquino, Francisco Jose Alve"]
[Black "Laroca, Alvaro Ney"]
[Result "0-1"]
[WhiteElo "1765"]
[BlackElo "1563"]
[PlyCount "126"]
[EventDate "2015.12.10"]
[EventType "swiss"]
[EventRounds "6"]
[EventCountry "BRA"]
[SourceTitle "EXT 2017"]
[Source "ChessBase"]
[SourceDate "2016.10.25"]
[SourceVersion "1"]
[SourceVersionDate "2016.10.25"]
[SourceQuality "1"]

1. e4 e5 2. Nf3 Nc6 3. Bb5 a6 4. Ba4 Nd4 5. Nc3 c6 6. Bb3 d6 7. d3 h6 8. Be3 c5 9. Bxd4 cxd4 10. Nd5 Nf6 11. h3 Nxd5 12. Bxd5 Rb8 13. 0-0 Be7 14. Nh2 Bg5 15. Nf3 Qf6 16. Nh2 Bf4 17. Ng4 Qg6 18. g3 h5 19. gxf4 hxg4 20. f5 Qf6 21. Qxg4 Ke7 22. Kh2 Bd7 23. Rg1 g6 24. Qg5 gxf5 25. exf5 Bxf5 26. Qxf6+ Kxf6 27. Rg3 Rh4 28. Rag1 Rbh8 29. Bg2 d5 30. Rd1 Ke6 31. Re1 Kd6 32. a3 b5 33. Rd1 a5 34. b3 Kc5 35. Re1 f6 36. Rc1 e4 37. dxe4 dxe4 38. c4 b4 39. axb4+ Kxb4 40. Ra1 d3 41. Ra4+ Kxb3 42. Rxa5 Bg4 43. Bxe4 Rxh3+ 44. Rxh3 Rxh3+ 45. Kg2 d2 46. Ra1 Kxc4 47. f3 Bd7 48. Kf2 Kc3 49. Ke3 Ba4 50. Ke2 Rh2+ 51. Ke3 d1Q 52. Rxd1 Bxd1 53. Kf4 Rh6 54. Kf5 Kd4 55. Ba8 Ke3 56. f4 Bc2+ 57. Kg4 Rg6+ 58. Kh5 Kxf4 59. Bb7 Rg1 60. Kh4 Rg7 61. Kh3 Bd1 62. Bc8 Bf3 63. Be6 Rh7# 0-1

[Event "Fortaleza Cearense Cup"]
[Site "Fortaleza"]
[Date "2015.12.13"]
[Round "5"]
[White "Laroca, Alvaro Ney"]
[Black "Vacis, Laura Nunes"]
[Result "1-0"]
[WhiteElo "1563"]
[BlackElo "1414"]
[PlyCount "67"]
[EventDate "2015.12.10"]
[EventType "swiss"]
[EventRounds "6"]
[EventCountry "BRA"]
[SourceTitle "EXT 2017"]
[Source "ChessBase"]
[SourceDate "2016.10.25"]
[SourceVersion "1"]
[SourceVersionDate "2016.10.25"]
[SourceQuality "1"]

1. e4 e5 2. f4 Nc6 3. Nf3 exf4 4. d4 Qe7 5. Nc3 Nf6 6. e5 d6 7. Bxf4 dxe5 8. dxe5 Bg4 9. Be2 Bxf3 10. exf6 Qxf6 11. Bxc7 Bxg2 12. Rg1 Bh3 13. Qd3 Bc5 14. Ne4 Qh4+ 15. Bg3 Qe7 16. Nxc5 Qxc5 17. Bf2 Qf5 18. Qe3+ Qe6 19. Qg3 g6 20. Qa3 Bf5 21. Rg3 Kd8 22. 0-0-0+ Kc7 23. Re3 Qf6 24. Rc3 Rhd8 25. Bg3+ Kc8 26. Rf1 Qd4 27. Bf3 Qd2+ 28. Kb1 Be4 29. Qe7 Rd7 30. Qxe4 Kd8 31. Rxc6 bxc6 32. Bh4+ Kc8 33. Qxc6+ Rc7 34. Qe8+ 1-0

[Event "Fortaleza zt CE"]
[Site "Fortaleza"]
[Date "2015.05.23"]
[Round "2"]
[White "Vacis, Gabriel Nunes"]
[Black "Laroca, Alvaro Ney"]
[Result "0-1"]
[WhiteElo "1317"]
[BlackElo "1548"]
[PlyCount "48"]
[EventDate "2015.05.22"]
[EventType "swiss"]
[EventRounds "5"]
[EventCountry "BRA"]
[SourceTitle "CBM 166 Extra"]
[Source "ChessBase"]
[SourceDate "2015.06.18"]
[SourceVersion "1"]
[SourceVersionDate "2015.06.18"]
[SourceQuality "1"]

1. e4 e5 2. Nf3 Nc6 3. Bc4 Nd4 4. Nxe5 Qg5 5. Bxf7+ Ke7 6. Qg4 Qxe5 7. Bb3 Nxb3 8. cxb3 d5 9. Nc3 Bxg4 10. d3 Nf6 11. 0-0 h5 12. Be3 d4 13. Bd2 dxc3 14. Bxc3 Qg5 15. Bb4+ Ke8 16. Bxf8 Kxf8 17. g3 h4 18. Rae1 Bh3 19. e5 Ng4 20. e6 Bxf1 21. Rxf1 h3 22. Re1 Qd5 23. e7+ Kf7 24. a3 Qg2# 0-1

[Event "Fortaleza zt CE"]
[Site "Fortaleza"]
[Date "2015.05.22"]
[Round "1"]
[White "Laroca, Alvaro Ney"]
[Black "Lima Filho, Gilberto Faco"]
[Result "0-1"]
[WhiteElo "1548"]
[BlackElo "1970"]
[PlyCount "94"]
[EventDate "2015.05.22"]
[EventType "swiss"]
[EventRounds "5"]
[EventCountry "BRA"]
[SourceTitle "CBM 166 Extra"]
[Source "ChessBase"]
[SourceDate "2015.06.18"]
[SourceVersion "1"]
[SourceVersionDate "2015.06.18"]
[SourceQuality "1"]

1. e4 c5 2. Nf3 d6 3. Bc4 e6 4. d4 cxd4 5. Nxd4 Nf6 6. Nc3 Nc6 7. Nxc6 bxc6 8. Qf3 d5 9. exd5 exd5 10. Bb3 Be7 11. Bg5 0-0 12. 0-0-0 Bg4 13. Qg3 Bxd1 14. Rxd1 Nh5 15. Bxe7 Qxe7 16. Qf3 Qg5+ 17. Kb1 Nf4 18. a3 Nxg2 19. Rg1 Nh4 20. Qd1 Qf6 21. Qg4 Nf3 22. Rg2 Nd2+ 23. Ka2 Nxb3 24. cxb3 Rae8 25. Ne2 Re4 26. f4 Rfe8 27. h4 d4 28. Rf2 Qe6 29. Qxe6 R8xe6 30. Ng3 Re1 31. Rg2 Rg6 32. h5 Rg4 33. Rd2 Rxg3 34. Rxd4 Re8 35. Rd7 Ra8 36. Rc7 Rf3 37. Rxc6 Rxf4 38. h6 Rf6 39. Rc4 Rxh6 40. b4 f5 41. a4 Rf6 42. Rf4 g5 43. Rf1 f4 44. b5 f3 45. a5 g4 46. Rg1 f2 47. Rxg4+ Kf7 0-1

[Event "Cearenses-ch"]
[Site "Fortaleza"]
[Date "2014.11.15"]
[Round "4"]
[White "Laroca, Alvaro Ney"]
[Black "Lemos, Anderson Willian Pe"]
[Result "0-1"]
[WhiteElo "1568"]
[BlackElo "1789"]
[PlyCount "124"]
[EventDate "2014.11.13"]
[EventType "swiss"]
[EventRounds "6"]
[EventCountry "BRA"]
[SourceTitle "EXT 2022"]
[Source "ChessBase"]
[SourceDate "2021.10.06"]
[SourceVersion "1"]
[SourceVersionDate "2021.10.06"]
[SourceQuality "1"]

1. e4 e5 2. Nc3 Nf6 3. f4 d6 4. f5 d5 5. Qf3 dxe4 6. Nxe4 Nc6 7. c3 Be7 8. Bc4 Na5 9. Bb5+ c6 10. Ba4 Rb8 11. d3 b5 12. Bc2 Qd7 13. g4 Nxe4 14. Qxe4 Bh4+ 15. Kf1 Qd5 16. Nf3 Qxe4 17. dxe4 Bf6 18. g5 Be7 19. Nxe5 c5 20. b4 Nc4 21. Nc6 Rb7 22. Nxe7 Kxe7 23. bxc5 Rc7 24. Bb3 Rxc5 25. Bxc4 Rxc4 26. Ba3+ Ke8 27. Re1 Bb7 28. Kf2 Rg8 29. Rhg1 Rxc3 30. Re3 Rc2+ 31. Re2 Rxe2+ 32. Kxe2 Bxe4 33. Rf1 Bd5 34. Rc1 Kd7 35. Rc5 Bxa2 36. Rc2 Re8+ 37. Kf2 Bc4 38. Rd2+ Kc7 39. h4 Rd8 40. Rc2 Rd4 41. h5 Rf4+ 42. Kg3 Rxf5 43. Kg4 g6 44. h6 f6 45. gxf6 Rxf6 46. Rd2 a6 47. Rd4 a5 48. Re4 Re6 49. Rf4 Re8 50. Kg5 Re5+ 51. Kf6 Rf5+ 52. Rxf5 gxf5 53. Kg7 f4 54. Kxh7 f3 55. Bc5 b4 56. Kg7 Bd3 57. h7 Bxh7 58. Kxh7 b3 59. Bd4 f2 60. Bxf2 b2 61. Bg3+ Kc6 62. Be1 a4 0-1

[Event "Tiradentes op"]
[Site "Tiradentes"]
[Date "2014.04.20"]
[Round "6"]
[White "Monte, Edmar Ferreira"]
[Black "Laroca, Alvaro Ney"]
[Result "0-1"]
[WhiteElo "1679"]
[BlackElo "1589"]
[PlyCount "71"]
[EventDate "2014.04.18"]
[EventType "swiss"]
[EventRounds "7"]
[EventCountry "BRA"]
[SourceTitle "CBM 160 Extra"]
[Source "ChessBase"]
[SourceDate "2014.07.01"]
[SourceVersion "1"]
[SourceVersionDate "2014.07.01"]
[SourceQuality "1"]

1. d4 e5 2. d5 e4 3. Qd4 f5 4. Qe5+ Ne7 5. Bg5 d6 6. Qd4 h6 7. Bh4 c6 8. c4 c5 9. Qc3 Rg8 10. e3 g5 11. Bg3 Qb6 12. Qb3 Qa5+ 13. Qc3 Qb6 14. Qb3 Qc7 15. Be2 b6 16. Bh5+ Ng6 17. Ne2 Nd7 18. h3 Nf6 19. Nbc3 Nxh5 20. Nb5 Qd7 21. Qd1 a6 22. Nbc3 Bg7 23. Bh2 Bxc3+ 24. Nxc3 Qe7 25. Qxh5 Bd7 26. a4 0-0-0 27. 0-0 f4 28. Ne2 f3 29. Nc3 fxg2 30. Rfe1 Nh4 31. Re2 Nf3+ 32. Kxg2 Nxh2 33. Kxh2 g4 34. Rg1 gxh3 35. Ree1 Rdf8 36. Nd1 0-1

[Event "Tiradentes op"]
[Site "Tiradentes"]
[Date "2014.04.18"]
[Round "1"]
[White "Laroca, Alvaro Ney"]
[Black "Lemos, Dawton Almino"]
[Result "0-1"]
[WhiteElo "1589"]
[BlackElo "2047"]
[PlyCount "58"]
[EventDate "2014.04.18"]
[EventType "swiss"]
[EventRounds "7"]
[EventCountry "BRA"]
[SourceTitle "CBM 160 Extra"]
[Source "ChessBase"]
[SourceDate "2014.07.01"]
[SourceVersion "1"]
[SourceVersionDate "2014.07.01"]
[SourceQuality "1"]

1. e4 c5 2. Nf3 d6 3. d4 cxd4 4. Nxd4 Nf6 5. Nc3 a6 6. Bg5 Nbd7 7. Qd2 h6 8. Be3 Qc7 9. h3 b5 10. Nf5 e6 11. Ng3 Bb7 12. f3 d5 13. Qf2 Bb4 14. Rd1 dxe4 15. fxe4 Bxe4 16. Bd3 Bxd3 17. Rxd3 Nc5 18. Rd4 Bxc3+ 19. bxc3 Ncd7 20. 0-0 0-0 21. Rh4 Qe5 22. Qd2 Qxg3 23. Rxh6 gxh6 24. Bxh6 Qg6 25. Rf3 Ne5 26. Rf2 Ne4 27. Qf4 Nxf2 28. Kxf2 Qf5 29. Qxf5 exf5 0-1

[Event "Farias Brito Cearense-ch 55th"]
[Site "Farias Brito"]
[Date "2013.12.15"]
[Round "5"]
[White "Correia, Mario Rui Costa"]
[Black "Laroca, Alvaro Ney"]
[Result "1-0"]
[WhiteElo "2128"]
[BlackElo "1579"]
[PlyCount "49"]
[EventDate "2013.12.12"]
[EventType "swiss"]
[EventRounds "6"]
[EventCountry "BRA"]
[SourceTitle "CBM 158 Extra"]
[Source "ChessBase"]
[SourceDate "2014.02.28"]
[SourceVersion "1"]
[SourceVersionDate "2014.02.28"]
[SourceQuality "1"]

1. e4 e5 2. Nf3 Nc6 3. Bb5 Bc5 4. 0-0 d6 5. d4 exd4 6. Nxd4 Bd7 7. Nxc6 bxc6 8. Bc4 Qf6 9. Nc3 h5 10. Qd3 Nh6 11. Be3 Bb4 12. Bd4 Qg6 13. Qg3 Ng4 14. Qh4 f6 15. Rad1 0-0-0 16. f3 c5 17. Nd5 Rde8 18. Ba6+ Kb8 19. Nxb4 cxd4 20. Nd5 c5 21. Rd3 c4 22. Qe1 c3 23. bxc3 Bb5 24. Qb1 Qf7 25. Qxb5+ 1-0